000 00342nam a2200145Ia 4500
999 _c2140
_d2140
008 191121s 1994 ||||xx |||||||||||||| ||und||
020 _a9280113126
082 _a623.888
_bIMO
100 _aIMO
245 0 _aResolutions and Other Decisions
260 _aLondon
_bIMO
_c1994
260 _c1994
300 _avii, 510p.
942 _cBK